| 000 | 01367nam a2200277 a 4500 | ||
|---|---|---|---|
| 003 | MX-MxUPN | ||
| 005 | 20220815125342.0 | ||
| 008 | 200131s2017 mx a rb 000 0 spa d | ||
| 020 | _a9786079083861 (Gernika) | ||
| 020 | _a9786070289019 (UNAM) | ||
| 035 | _aUPN01000235249 | ||
| 040 |
_aMX-MxUPN _bspa _cMX-MxUPN |
||
| 041 | 0 | _aspa | |
| 050 | 1 | 4 |
_aHC140 P6 _bF6.7 |
| 245 | 0 | 0 |
_aFormas de expresión de la pobreza urbana en el oriente de la Zona Metropolitana de la Ciudad de México / _ccoords. Orlando Eleazar Moreno Pérez, Fernando Palma Galván, Hermilo Salas Espíndola. |
| 250 | _aPrimera edición. | ||
| 260 |
_aMéxico, D.F. : _bUNAM : _bGernika, _c2017. |
||
| 300 |
_a525 páginas : _bgráficas, mapas, cuadros. |
||
| 504 | _aIncluye referencias bibliográficas. | ||
| 505 | 0 |
_tAspectos conceptuales de la pobreza / _rOrlando E. Moreno Pérez, Guadalupe García Balderas -- _tDesarrollo capitalista y diversidad de expresiones de la pobreza urbana / _rFernando Palma Galván, Eduardo Josué Pérez Rodríguez y Jessica Ulloa Ramírez -- _tExpresiones territoriales de la pobreza / _rOrlando Eleazar Moreno Pérez y Guadalupe García Balderas. |
|
| 650 | 7 |
_aPobreza _zCiudad de México _2 _945779 |
|
| 650 | 7 |
_aUrbanismo _zCiudad de México _2 _921102 |
|
| 700 | 1 |
_aMoreno Pérez, Orlando Eleazar _943635 _ecoord. |
|
| 905 | _aLibro | ||
| 999 |
_c207344 _d207344 |
||